00549nam a2200169Ia 4500008004100000020001500041041001200056082001600068100001300084245003000097260003500127300000800162650001600170942000700186999001500193952017100208221030s9999 xx 000 0 und d a8120316630 aEnglish a105.23bPer aG. Perry 0aC By Examplecby G. Perry bPearson EducationaDelhic2000 a512 aBE Computer cBK c6657d6657 pBE 2000g195.00l0o105.23 Perr2024-06-13 00:00:00w2022-10-30yBK003Print4070aMIETLIBbMIETLIBcBL-Academic Block C, FL-2, CUP-20, SH-2, R-2d2000-09-2610HBE